Green - Multiple Choice - Statistics

General Stats
  • This quiz has been taken 12 times
  • The average score is 6 of 10
Answer Stats
Question Answer % Correct
What is Greenland's rank of size in the world? 1st Largest Island
90%
Greenwich is known for what? Being the center of the Prime Meridian
90%
What country owns Greenland? Denmark
90%
What is the capital city of Greenland? Nuuk
80%
What US state name comes from the word green mountain in French? Vermont
80%
Greenfield is the capital of which state? None
60%
What continent has a country with the word Green in it? (Not in English) Africa
40%
Greensboro is a city in which US state? North Carolina
20%
The green revolution happened in which years? 1940s
10%
Green Bay is the 3rd largest city in which state? Wisconsin
10%
No matching quizzes found
Score Distribution
Percent of People with Each Score
Percentile by Number Answered
Your Score History
You have not taken this quiz